000 01015nam a2200253Ia 4500
003 OSt
005 20220923211306.0
006 a|||||r|||| 00| 0
007 ta
008 220922b |||||||| |||| 00| 0 hin d
020 _a9788179751848 (hbk (Set))
_c1500
024 _a245,223
037 _b378, 11/02/2011, Swaraj Prakashan
_cTextual
040 _aARTS
_cARTS
_bhin
041 _2hin
_ahin
082 _aO152,6x, P8.1-.2
100 _aशिशिर, कर्मेन्दु, संपा.
245 0 _aनवजागरणकालीन पत्रकारिता और सारसुधानिधि
246 _aNavajāgaraṇakālīn patrakāritā aur sārasudhānidhi
260 _aनई दिल्ली
_b अनामिका पब्लिशर्स
_c2008
490 _vखंड 1
942 _hO152,6x, P8.1-.2
_cTEXL
_2CC
999 _c298194
_d298194